|
|
|
|
| LEADER |
01024nam a2200301 a 4500 |
| 001 |
000602410 |
| 003 |
CZ BrMZK |
| 005 |
20111110102506.0 |
| 007 |
ta |
| 008 |
020524s2002 xr g j cze d |
| 015 |
|
|
|a cnb001122291
|
| 020 |
|
|
|a 80-85903-14-8
|
| 035 |
|
|
|a (OCoLC)51189156
|
| 040 |
|
|
|a BOA001
|b cze
|
| 072 |
|
7 |
|a 821.162.3-3
|x Česká próza
|2 Konspekt
|9 25
|
| 080 |
|
|
|a 821.162.3-32
|2 MRF
|
| 080 |
|
|
|a (0:82-321.5)
|2 MRF
|
| 100 |
1 |
|
|a Janalík, František,
|d 1938-2007
|7 jk01050761
|4 aut
|
| 245 |
1 |
0 |
|a Když lovce miluje Diana /
|c František Janalík ; [ilustrace: Jiří Winter-Neprakta]
|
| 250 |
|
|
|a 1. vyd.
|
| 260 |
|
|
|a Praha :
|b Nuga,
|c 2002
|
| 300 |
|
|
|a 185 s. :
|b il. ;
|c 22 cm
|
| 655 |
|
7 |
|a české povídky
|7 fd133971
|2 czenas
|
| 655 |
|
7 |
|a humoristické povídky
|7 fd132428
|2 czenas
|
| 700 |
1 |
|
|a Winter-Neprakta, Jiří,
|d 1924-2011
|7 jk01083186
|4 ill
|
| 910 |
|
|
|a BOA001
|b 2-1101.685
|
| 990 |
|
|
|a BK
|
| 996 |
6 |
|
|b 2610161733
|c 2-1101.685
|l MZK
|r Sklad / do 1 hodiny
|n 0
|p p.v.
|w 000602410
|u 000010
|a 1
|e BOA001
|j MZK50
|s P
|